| 000 | 01253nam a22003257a 4500 | ||
|---|---|---|---|
| 999 |
_c21463 _d21463 |
||
| 003 | AR-CdUCM | ||
| 008 | 190220b ||||| |||| 00| 0 spa d | ||
| 020 | _a9789972517556 | ||
| 040 |
_aMUNICIPALIDAD PROVINCIAL DEL CUSCO _cBIBLIOTECA MUNICIPAL DEL CUSCO |
||
| 082 |
_a364.1323/Q73 _bQ73 _2Tercera |
||
| 100 |
_aQuiroz, Alfonso W _944732 |
||
| 245 |
_aHistoria de la corrupción en el Perú / _cAlfonso W. Quiroz ; traducción de Javier Flores Espinoza |
||
| 260 |
_aLima : _bInstituto de Estudios Peruanos, IEP, _c2019. |
||
| 300 |
_a546 páginas. : _bilustraciones ; _c21 cm. |
||
| 440 |
_aSerie Colección Popular, _n5. _944885 |
||
| 500 |
_zBibliografía: p. [503]-544. _aTraducción de: Corrupt circles: a history of unbound graft in Peru. |
||
| 650 |
_aHistoria _944886 |
||
| 650 |
_aAspectos económicos _9261 |
||
| 650 |
_aCorrupción política _97666 |
||
| 650 |
_aCorrupción administrativa _921867 |
||
| 650 |
_aPolítica y gobierno _92693 |
||
| 650 |
_aPerú _944887 |
||
| 700 |
_aGorriti, Gustavo _944888 |
||
| 700 |
_aCenteno, Miguel Ángel _944889 |
||
| 700 |
_aCueto, Marcos _940355 |
||
| 700 |
_aFlores Espinoza, Javier _97794 |
||
| 710 |
_aInstituto de Estudios Peruanos (Lima) _99759 |
||
| 942 |
_2ddc _cLIBROS |
||
| 945 | _aRoel | ||